00313nam a2200121Ia 4500008004100000041000800041082001500049100001300064245003700077260003900114300003100153365000700184240624s9999 xx 000 0 und d aeng a005.74 GOE aGOEL S K aCOMPUTER AND DATABASE MANAGEMENT c2000aNew DelhibAnmol Publication avii, : 314 : p. : cm. ; 24 cRS